[Event "36th Zalakaros Festival 2017"]
[Site "Zalakaros"]
[Date "2017.05.19"]
[Round "2"]
[White "Sadhwani, Raunak"]
[Black "Mikhalevski, Victor"]
[Result "0-1"]
[WhiteElo "2298"]
[BlackElo "2520"]
[Annotator "TA"]
[PlyCount "80"]
[EventDate "2017.??.??"]
[EventType "swiss"]
[EventCountry "HUN"]
[SourceTitle "playchess.com"]
[Source "ChessBase"]
[SourceQuality "1"]

{[%evp 16,80,33,25,34,21,34,-15,-8,-24,-25,-16,25,-30,0,5,-21,-43,-56,-80,-84,-101,-83,-68,-72,-84,-89,-80,-92,-71,-64,-138,-116,-114,-108,-179,-167,-258,-265,-253,-264,-264,-260,-311,-309,-438,-340,-535,-521,-498,-433,-444,-435,-490,-365,-748,-731,-944,-940,-952,-914,-1303,-1278,-5343,-5343,-6241,-5900]} 1. e4 e5 2. Nf3 Nc6 3. Bb5 a6 4. Ba4 g6 5. c3 {[%cal Bc2c3,Bc3d4,Bd4d5][%mdl 32]} Bg7 (5... d6 6. d4 Bd7 7. dxe5 Nxe5 8. Nxe5 dxe5 9. Be3 Nf6 10. Nd2 b5 11. Bb3 Bd6 12. Qf3 h6 13. a4 Rb8 14. axb5 axb5 15. O-O {1-0 (36) Sutovsky,E (2650)-Rodshtein,M (2701) Poikovsky 2017}) 6. d4 {C70: Ruy Lopez: 3...a6 4 Ba4, Norwegian and Delayed Schliemann} exd4 7. cxd4 b5 8. Bc2 d6 9. h3 {LiveBook: 5 Games} Nf6 10. O-O O-O 11. d5 $146 ({Predecessor:} 11. a3 Bb7 12. d5 Ne5 13. Nxe5 dxe5 14. Be3 Qd7 15. Qf3 Ne8 16. Bc5 Nd6 {1-0 (55) Tang,H-Tang,J Beijing 1979}) 11... Nb4 12. Bg5 h6 13. Be3 Bb7 14. Nbd2 (14. Bb3 $142) 14... c6 15. dxc6 Nxc6 16. Rc1 Re8 17. Bb1 d5 {[%cal Rd5e4]} 18. e5 Nd7 {[%cal Bf6d7,Bd7e5,Be5c4,Bc4e3][%mdl 32]} 19. Nb3 Ncxe5 20. Nxe5 Nxe5 21. Nc5 Bc6 22. Bd4 Qh4 23. Kh1 (23. f4 $15 Nc4 24. Bxg7 Kxg7 25. Rf2) 23... Nc4 24. Bxg7 d4 {( -> ...Qxh3+)} 25. f3 (25. Qg4 $17 Qxg4 26. hxg4 Kxg7 27. Rfd1) 25... Ne3 $19 ({Weaker is} 25... Kxg7 26. Be4 $11) 26. Qxd4 {[#]} (26. Qe1 $142 Qg5 27. Qd2 Nxf1 28. Qxg5 hxg5 29. Bf6 Ng3+ 30. Kh2) 26... Qg3 $1 {[%csl Ge3][%cal Rg3g2]} 27. Qd2 {aiming for Bf6.} (27. Rg1 $2 {[#] gets mated.} Bxf3 $1 {[%mdl 512]} 28. Qd7 Bxg2+ 29. Rxg2 Qxg2#) 27... Nxf1 ({Not} 27... Kxg7 28. Rf2 $17) 28. Rxf1 Kxg7 $40 {[%mdl 128] Black wants a kill.} 29. Nd3 Kh7 30. Nb4 (30. Kg1 {keeps fighting.}) 30... Rad8 31. Bd3 (31. Qf2 $142 Qxf2 32. Rxf2) 31... Bb7 32. Qc3 Qe5 33. Qb3 Qe6 {Hoping for ...Qxb3.} 34. Qa3 Rd4 35. Qc3 $2 (35. Nc2 Ra4 36. Qc3) 35... Qd6 {Black is clearly winning.} 36. Rd1 Rd8 37. Qb3 Kg7 38. Qc3 Qxb4 39. Qc7 Rxd3 40. Qe5+ Kh7 {Precision: White = 31%, Black = 81%.} 0-1

[Event "36th Zalakaros Festival 2017"]
[Site "Zalakaros"]
[Date "2017.05.19"]
[Round "2"]
[White "Risting, Eivind Olav"]
[Black "Swayams, Mishra"]
[Result "1-0"]
[WhiteElo "2297"]
[BlackElo "2448"]
[Annotator "TA"]
[PlyCount "79"]
[EventDate "2017.??.??"]
[EventType "swiss"]
[EventCountry "HUN"]
[SourceTitle "playchess.com"]
[Source "ChessBase"]
[SourceQuality "1"]

{[%evp 11,79,7,8,0,0,0,0,0,0,-4,4,-16,-9,-34,-23,-38,-32,-18,-5,-22,0,0,0,0,0,0,0,0,0,0,0,0,0,0,0,0,131,131,134,127,124,0,0,0,0,0,0,0,0,0,6,6,5,5,5,-6,-6,-6,-6,-6,-6,-6,-6,-6,-6,-6,29990,29991,29991,29992]} 1. d4 e6 2. c4 Nf6 3. Nc3 Bb4 4. Qc2 O-O 5. Nf3 d5 6. cxd5 exd5 7. Bf4 {E32: Nimzo-Indian: Classical (4 Qc2): 4...0-0} c5 8. dxc5 Ne4 {White should prevent ...Bf5.} 9. e3 {The position is equal.} Bf5 10. Bd3 $1 Nd7 11. Nd4 $146 (11. c6 $5 bxc6 12. O-O Bxc3 13. bxc3 $11) ({Predecessor:} 11. Bd6 Bxc3+ 12. bxc3 Nxd6 13. cxd6 Bxd3 14. Qxd3 Nf6 {0-1 (44) Grandelius,N (2600)-L'Ami,E (2646) Reykjavik 2014}) 11... Bg6 12. O-O {[%cal Bh1f1,Bf1b1,Bb1b6][%mdl 32]} (12. Bd6 {is more complex.} Ndxc5 13. Bxc5 Bxc5 14. Bxe4 Bxe4 15. Nxe4 Bxd4 16. Nc3) 12... Bxc3 13. bxc3 Ndxc5 14. Bxe4 $1 dxe4 (14... Nxe4 {keeps more tension.} 15. Qb2 Nc5 16. Qa3 b6 17. Rfd1 Qd7) 15. a4 (15. Nb5 $5 {[%cal Rf4d6]}) 15... a6 16. Rfb1 Rc8 17. a5 Qe7 18. Rb6 {Strongly threatening Bd6.} Rfd8 19. Bg3 Rd7 20. Rab1 h5 21. h4 Kh7 22. Qa2 Nd3 23. Qb3 {[%cal Rb6b7]} Qc5 (23... Nc5 $11 24. Qb4 f6) 24. Rxb7 $16 Rxb7 25. Qxb7 Qxc3 {[#]} 26. Qxa6 (26. Kh2 $1 $16) 26... Rc5 $11 27. Qb6 {a6 is the strong threat.} (27. Qb7 $5 {[%cal Ra5a6]} Rxa5 28. Qd7 $11) 27... Rxa5 28. Qb3 (28. Kh2 $5 {[%cal Rb6d8]} Ra1 29. Qb3 Qxb3 30. Rxb3 $11) 28... Qc8 29. Qb8 Qa6 30. Qd6 Qc4 31. Qf8 {Threatens to win with Rb8.} Nb2 $1 32. Kh2 Qa2 $1 {[%cal Ra2b1]} 33. Rxb2 (33. Rc1 $5 {[%cal Rc1c8]} Ra8 34. Bb8 $14) 33... Qxb2 34. Nc6 $1 $132 {[%cal Rc6e7][%mdl 2048] White is not keeping still} Qa3 35. Bd6 Qa2 {And now ...Ra8 would win.} 36. Nxa5 Qxa5 37. Qe7 Qd5 38. Qe5 Qd2 $2 {[%mdl 8192] [#]} (38... Qa8 $11) 39. Bf8 $1 {[%csl Gf8][%cal Re5g7]} f6 40. Qe7 {Precision: White = 72%, Black = 63%.} 1-0

[Event "36th Zalakaros Festival 2017"]
[Site "Zalakaros"]
[Date "2017.05.19"]
[Round "2"]
[White "Gazik, Igor"]
[Black "Tompa, Janos"]
[Result "1-0"]
[WhiteElo "2292"]
[BlackElo "2392"]
[Annotator "TA"]
[PlyCount "79"]
[EventDate "2017.??.??"]
[EventType "swiss"]
[EventCountry "HUN"]
[SourceTitle "playchess.com"]
[Source "ChessBase"]
[SourceQuality "1"]

{[%evp 14,79,25,17,32,34,49,40,48,32,55,54,90,86,96,94,160,164,157,153,144,157,135,133,337,340,335,331,329,283,1260,1207,912,243,1325,1293,876,182,168,166,172,168,172,169,220,0,129,0,209,200,228,216,145,108,278,272,620,606,570,519,501,492,469,425,764,755,693,667]} 1. e4 c5 2. Nc3 Nc6 3. Nf3 e6 4. d4 cxd4 5. Nxd4 Qc7 6. Be3 Nf6 7. f3 a6 8. Qd2 Be7 {B48: Sicilian: Taimanov: 5 Nc3 Qc7 6 Be3 a6 without Be2} (8... b5 9. g4 Bb7 10. O-O-O Nxd4 11. Bxd4 Be7 12. g5 Nh5 13. Ne2 Rc8 14. Rg1 O-O 15. Bh3 g6 16. Kb1 d5 17. e5 {0-1 (66) Almasi,Z (2710)-Movsesian,S (2700) Warsaw 2013}) 9. g4 h6 10. O-O-O b5 {White is slightly better.} 11. h4 b4 12. Na4 d5 13. Nxc6 Qxc6 14. Nb6 $36 {[%mdl 2048] White has strong initiative.} dxe4 $146 (14... Rb8 $142) ({Predecessor:} 14... Rb8 15. exd5 exd5 16. Nxd5 Nxd5 17. Qxd5 Qxd5 18. Rxd5 {0-1 (37) Miller,E (2212)-Quan,Z (2324) Toronto 2004}) 15. Nxa8 $16 Qxa8 16. g5 hxg5 17. hxg5 Rxh1 18. gxf6 gxf6 $2 {[#]} (18... Bxf6 $16 19. Bb5+ axb5 20. Rxh1 Qd5) 19. Bb5+ $1 $18 {[%mdl 512]} axb5 20. Rxh1 {Threatening mate with Rh8+.} Qd5 21. Qg2 Qxa2 $2 (21... Bc5 22. Bxc5 Qxc5) 22. Qg8+ Kd7 23. Rh8 $2 (23. Rd1+ Bd6 24. Qxf7+ Kc6 25. Rxd6+ $1 {[%mdl 512]} Kxd6 26. Bf4+ e5 27. Qxa2 exf4 28. Qa8) 23... Bb7 $2 (23... Qc4 24. Qe8+ (24. Qxf7 Qf1+ 25. Kd2 exf3 $11) 24... Kd6 25. Qxc8 Qxc8 26. Rxc8 exf3) 24. Qe8+ Kd6 {[#]} 25. Qxb5 $2 (25. Bc5+ $1 {[%mdl 512]} Kxc5 26. Qxe7+ Kb6 27. Qd6+ Ka7 28. Qc5+ Ka6 29. Rd8) 25... Qd5 26. Qxb4+ Kd7 27. Qa4+ Qc6 28. Qd4+ Qd5 (28... Qd6 {was called for.}) 29. Qa4+ (29. Qa7 $18 {Threatens to win with Rb8.} Bd6 30. Rh1) 29... Qc6 $16 30. Qd4+ (30. Qa7 $16) 30... Qd5 $18 31. Qa7 {Rb8 is the strong threat.} Bd6 32. f4 {[%cal Bf3f4,Bf4f5][%mdl 32]} Qb5 33. b3 e5 $2 (33... Qa6 $16) 34. f5 Kc6 $2 (34... Qa6 35. Qxa6 Bxa6) 35. Kb2 {White is clearly winning.} Kd7 36. Rh1 Qa6 37. Qxa6 Bxa6 38. c4 Kc6 (38... Bb4 $142 39. Ra1 Bb7) 39. Rh7 Bc8 40. Rxf7 {Precision: White = 65%, Black = 28%.} 1-0

[Event "36th Zalakaros Festival 2017"]
[Site "Zalakaros"]
[Date "2017.05.19"]
[Round "2"]
[White "Rakesh Kumar Jena"]
[Black "Paschall, William M"]
[Result "1/2-1/2"]
[WhiteElo "2288"]
[BlackElo "2380"]
[Annotator "TA"]
[PlyCount "42"]
[EventDate "2017.??.??"]
[EventType "swiss"]
[EventCountry "HUN"]
[SourceTitle "playchess.com"]
[Source "ChessBase"]
[SourceQuality "1"]

{[%evp 12,42,0,-2,11,-27,-24,-33,-26,-26,-24,-29,51,-30,-16,-95,-87,-92,-41,-52,-60,-145,-28,-35,-32,-37,-2,-9,0,0,-4,-36,-16]} 1. Nf3 c5 2. g3 Nc6 3. Bg2 g6 4. O-O Bg7 5. c3 e5 6. d4 cxd4 7. cxd4 exd4 {A04: Unusual lines after 1 Nf3 and King's Indian Attack} 8. Nbd2 Nge7 9. Nb3 {[%cal Rf3d4]} Nf5 10. Bg5 Qb6 11. g4 Nd6 $146 ({Black should play} 11... Nfe7 $1 $11) ({Predecessor:} 11... Nfe7 12. e3 d3 13. Qxd3 {0-1 (54) Alaverdyan,G (2311)-Khismatullin,D (2714) Yerevan 2014}) 12. Bf4 (12. Nfxd4 $1 $14 Bxd4 13. Nxd4 (13. Bxc6 dxc6 14. Nxd4 O-O $11) 13... Qxd4 14. Qxd4 Nxd4 15. Rfd1 Nxe2+ 16. Kf1) 12... Nc4 $1 $11 13. Nfd2 (13. e3 $11) 13... d5 $1 $17 14. Bxd5 Nxd2 (14... Nxb2 $17 15. Qc1 d3) 15. Nxd2 {Nc4 is the strong threat.} O-O 16. Nc4 {[#]} ({White should try} 16. h3 $15) 16... Qd8 (16... Qa6 $1 $17 {Threatens to win with ...Ne7.} 17. e4 dxe3 18. Nxe3 (18. Bxe3 $2 Rd8 $19) (18. fxe3 Ne7 $17) 18... Be6 19. Bxe6 fxe6) 17. Bf3 $11 Be6 18. Rc1 Bxc4 19. Rxc4 Ne5 20. Bxe5 Bxe5 21. Bg2 Rc8 {Precision: White = 26%, Black = 38%.} 1/2-1/2

[Event "36th Zalakaros Festival 2017"]
[Site "Zalakaros"]
[Date "2017.05.19"]
[Round "2"]
[White "Krstulovic, Alex"]
[Black "Papp, Petra"]
[Result "1/2-1/2"]
[WhiteElo "2280"]
[BlackElo "2371"]
[Annotator "TA"]
[PlyCount "34"]
[EventDate "2017.??.??"]
[EventType "swiss"]
[EventCountry "HUN"]
[SourceTitle "playchess.com"]
[Source "ChessBase"]
[SourceQuality "1"]

{[%evp 17,34,0,0,-4,19,-6,-8,-13,0,0,0,-9,31,0,0,10,9,14,20]} 1. d4 Nf6 2. c4 g6 3. Nc3 d5 4. Nf3 Bg7 5. e3 O-O 6. cxd5 Nxd5 7. Bc4 Nxc3 8. bxc3 c5 9. O-O Qc7 {Hoping for ...cxd4.} 10. Bd3 {D94: Grünfeld: 4 Nf3 Bg7 5 e3} b6 11. Bb2 Bb7 12. Qe2 Nd7 13. e4 Rac8 $146 ({Predecessor:} 13... e6 14. Rfb1 Nf6 15. Bc1 Qc6 16. Ne5 Qc7 17. Bd2 Rfd8 {½-½ (60) Portisch,L (2495)-Mikheev,S (2286) St Petersburg 2012}) 14. e5 Bd5 15. Nd2 cxd4 {The position is equal.} 16. cxd4 Nb8 17. f4 Nc6 1/2-1/2

[Event "36th Zalakaros Festival 2017"]
[Site "Zalakaros"]
[Date "2017.05.19"]
[Round "2"]
[White "Horvath, Dominik"]
[Black "Czebe, Attila"]
[Result "1/2-1/2"]
[WhiteElo "2275"]
[BlackElo "2475"]
[Annotator "TA"]
[PlyCount "123"]
[EventDate "2017.??.??"]
[EventType "swiss"]
[EventCountry "HUN"]
[SourceTitle "playchess.com"]
[Source "ChessBase"]
[SourceQuality "1"]

{[%evp 10,123,59,43,91,89,108,113,110,128,137,90,100,54,56,25,58,31,25,0,0,0,0,-33,42,11,41,31,33,28,33,0,12,-5,25,37,41,16,10,16,16,12,25,17,12,25,14,19,25,14,11,17,20,16,23,10,15,7,34,0,0,0,0,-37,-37,-89,-52,-56,-20,-15,-12,-26,-15,-15,-15,-15,-15,-14,-15,-15,-8,-8,-8,-8,0,0,0,0,0,-8,0,0,8,0,196,8,8,8,8,8,8,8,8,8,8,8,8,8,8,8,8,-8,-8,-8,-8,-8]} 1. Nf3 b6 2. e4 Bb7 3. Nc3 c5 4. d4 cxd4 5. Nxd4 a6 6. Bg5 {LiveBook: 30 Games. B27: Sicilian: 2 Nf3, unusual Black 2nd moves} (6. Bd3 e6 7. f4 Qc7 8. Qf3 Ne7 9. Bd2 Nbc6 10. Nb3 d5 11. a3 dxe4 12. Nxe4 Nf5 13. Bc3 Be7 14. g4 {½-½ (31) Inarkiev,E (2732)-Hou,Y (2658) Petropavlovsk Kamchatsky 2016}) 6... h6 7. Bh4 d6 8. Bc4 {White is better.} Qc8 9. Bb3 $146 ({Predecessor:} 9. Qe2 Nd7 10. O-O-O g6 11. f4 Bg7 12. e5 dxe5 13. fxe5 Nxe5 14. Bd5 Bxd5 15. Nxd5 Qb7 16. Nf3 Nc6 17. Rhe1 Kf8 18. Qe3 {½-½ (18) Moreno Carnero,J (2508)-Korneev,O (2613) Dos Hermanas 2003}) 9... Nd7 10. Nd5 g6 11. Qg4 Bxd5 12. Bxd5 {Black must now prevent Qf3.} Ngf6 13. Bxf6 Nxf6 14. Qe2 Nxd5 15. exd5 Qc5 16. O-O-O Bg7 (16... Qxd5 $15 17. Rhe1 Qxg2) 17. Nb3 (17. Rhe1 {is more complex.} Bf6 18. Nc6 Kf8 19. Kb1 Kg7 20. Qf3) 17... Qc7 (17... Qb5 {looks sharper.} 18. Qf3 O-O 19. Kb1 Qd7 20. Rhe1 Bf6) 18. Rhe1 Bf6 19. Nd4 O-O 20. Nc6 {[%cal Rc6e7]} e6 21. Qf3 Bg7 22. Re2 Kh7 23. Nd4 Qc4 24. dxe6 {Hoping for e7.} Qxa2 {aiming for ...Qa1+.} 25. Qa3 Qxa3 26. bxa3 Rac8 27. exf7 Rxf7 28. Ne6 Rd7 29. Nf4 (29. Red2 {feels hotter.} Rc6 30. a4 h5 31. g3 Bh6 32. f4) 29... Rc3 30. Rd3 Rxd3 31. Nxd3 $11 {[%mdl 4096] Endgame KRB-KRN} a5 32. Re6 b5 33. f4 Bc3 34. g4 Kg7 35. Re8 b4 36. Kb1 bxa3 37. Ka2 (37. Rc8 $15 Bd2 38. Ka2) 37... Rc7 38. Kxa3 Bf6 39. Re2 Rc4 40. Kb3 d5 41. h3 Re4 42. Rxe4 dxe4 {KB-KN} 43. Nc1 $1 Kf7 44. Ka4 Ke6 45. Kxa5 Kd5 {White should prevent ...Kd4.} 46. Ne2 Kc5 47. Ka4 Kc4 48. Ka3 e3 (48... Bc3 $5) 49. Ka2 Bc3 50. Kb1 Bd2 51. Kb2 h5 $2 {[#]} (51... Ba5 $11) 52. gxh5 $2 (52. f5 $1 $18 {[%cal Rf5g6]} gxf5 53. gxh5) 52... gxh5 {The position is equal.} 53. f5 Kd5 54. Kb3 Ke5 55. Kc4 Kxf5 {Black wants to play ...Ke4.} 56. Kd3 Kg5 57. c4 {[%cal Bc2c4,Bc4c5,Bc5c6][%mdl 32]} Kh4 58. c5 Kxh3 59. c6 {White wants to mate with c7.} Ba5 60. Nf4+ Kg4 {[#]} 61. Nxh5 $1 {[%mdl 512]} Kf3 {( -> ...e2)} (61... Kxh5 62. Kxe3) 62. Ng3 $1 {Precision: White = 42%, Black = 62%.} 1/2-1/2

[Event "36th Zalakaros Festival 2017"]
[Site "Zalakaros"]
[Date "2017.05.19"]
[Round "2"]
[White "Sankalp Gupta"]
[Black "Havasi, Gergo"]
[Result "0-1"]
[WhiteElo "2269"]
[BlackElo "2402"]
[Annotator "TA"]
[PlyCount "90"]
[EventDate "2017.??.??"]
[EventType "swiss"]
[EventCountry "HUN"]
[SourceTitle "playchess.com"]
[Source "ChessBase"]
[SourceQuality "1"]

{[%evp 24,90,0,-13,4,14,0,-22,-14,-33,-25,-29,-37,-37,-7,-23,22,-19,0,0,25,-25,-29,-31,-21,-24,16,9,77,-106,-103,-102,-105,-105,-105,-105,-105,-105,-105,-105,-105,-189,-183,-183,-183,-183,-169,-172,-185,-188,-182,-243,-243,-235,-227,-293,-287,-458,-453,-464,-491,-902,-906,-915,-893,-893,-941,-911,-850]} 1. e4 e5 2. Nf3 Nc6 3. d4 exd4 4. Nxd4 Nf6 {[%cal Bg8f6,Bf6d5,Bd5e7,Be7c6][%mdl 32]} 5. Nxc6 bxc6 6. e5 Qe7 7. Qe2 Nd5 8. c4 Ba6 9. Nd2 g6 10. Nf3 {C45: Scotch Game} Qb4+ (10... Nb6 11. b3 Bg7 12. Bg5 Qa3 13. Bc1 Qe7 14. Bg5 Qa3 15. Qd2 d6 16. Bf6 Bxf6 17. exf6 O-O-O {½-½ (59) Wei,Y (2725)-Ganguly,S (2644) Liaocheng 2017}) 11. Kd1 Rb8 12. Qc2 Ne7 13. b3 {LiveBook: 5 Games} c5 14. Bb2 {Black must now prevent e6!} Bg7 15. Bd3 O-O 16. Re1 $146 ({Predecessor:} 16. h4 Bb7 17. h5 Qb6 18. Ke2 a5 19. Bc3 Bxf3+ 20. gxf3 a4 {½-½ (20) Kermer,W (2329)-Dimitrov,V (2318) ICCF email 2014}) 16... Qb6 17. Ke2 Nc6 {...Nb4 is the strong threat.} 18. Bc3 Rfe8 19. Kf1 $1 Re7 (19... Nd4 $5 {[%cal Rd4c2]} 20. Qd2 Nxf3 21. gxf3 d6 $15) 20. Re2 Rbe8 21. Rae1 Nb4 22. Bxb4 cxb4 23. Qd2 Qa5 24. Qg5 {And now e6 would win.} Re6 25. Be4 Bxe5 (25... h6 $11 26. Qd2 Bc8) 26. Bd5 $2 (26. Bxg6 $1 $16 {and life is bright.} fxg6 27. Rxe5 (27. Nxe5 d6 $11) 27... Qxa2 28. Rxe6 dxe6 29. Qe3) 26... Bf6 $17 27. Qf4 Rxe2 28. Rxe2 Rxe2 $40 {[%mdl 128] Black wants a kill.} 29. Qxf6 {[#]} Qxd5 $1 {[%mdl 512]} 30. Kxe2 {[#]} (30. cxd5 Re6+) 30... Qe6+ $1 31. Qxe6 fxe6 {[%mdl 4096] Endgame KB-KN} ({Much worse is} 31... dxe6 $6 32. Ke3 $11) 32. Ke3 (32. Ne5 $17) 32... Bb7 $19 33. Ne1 c5 34. f3 d6 35. h4 Kg7 36. Nd3 Kf6 37. g4 (37. Nf2 {is a better defense.}) 37... h6 {[%cal Bh7h6,Bh6g5][%mdl 32]} 38. Nc1 Bc6 39. Ne2 g5 40. hxg5+ (40. h5 $142) 40... hxg5 {Black is clearly winning.} 41. Nc1 Be8 42. f4 (42. Nd3 $142 Bg6 43. Nf2) 42... Bg6 43. Ne2 Bb1 44. Nc1 gxf4+ 45. Kxf4 e5+ {Precision: White = 49%, Black = 61%.} 0-1

[Event "36th Zalakaros Festival 2017"]
[Site "Zalakaros"]
[Date "2017.05.19"]
[Round "2"]
[White "Varga, Klara"]
[Black "Rudolf, Michal"]
[Result "1/2-1/2"]
[WhiteElo "2240"]
[BlackElo "2340"]
[Annotator "TA"]
[PlyCount "93"]
[EventDate "2017.??.??"]
[EventType "swiss"]
[EventCountry "HUN"]
[SourceTitle "playchess.com"]
[Source "ChessBase"]
[SourceQuality "1"]

{[%evp 25,93,-13,48,0,7,0,0,0,0,0,0,-38,-61,-86,-78,-86,-29,-85,-46,-58,-25,-39,55,58,68,67,77,54,72,38,33,33,19,21,25,22,36,37,20,0,0,0,0,0,0,0,0,0,8,0,0,-49,-49,-49,0,0,0,0,20,20,20,0,0,0,33,0,0,0,0,0]} 1. e4 {[%cal Be2e4,Be4e5][%mdl 32]} Nf6 2. e5 Nd5 3. d4 d6 4. c4 Nb6 5. exd6 cxd6 6. Nc3 g6 7. h3 Bg7 8. Nf3 O-O 9. Be3 Nc6 10. Rc1 d5 11. c5 Nc4 12. Bxc4 dxc4 13. O-O Bf5 {LiveBook: 19 Games} (13... b6 $11) 14. b3 {B04: Alekhine's Defence: 4 Nf3} (14. Qa4 Bd3 15. Rfd1 f5 16. d5 Ne5 17. Nxe5 Bxe5 18. Bh6 Rf6 19. b3 Ra6 20. Qb5 Ra5 21. Qb4 b6 22. cxb6 Qxb6 23. Qxe7 {1-0 (31) Savic,M (2515)-Sredojevic,I (2421) Kragujevac 2012}) 14... Bd3 15. Ne2 e5 $146 ({Predecessor:} 15... Bxe2 16. Qxe2 cxb3 17. axb3 Qd5 18. Qb5 a6 19. Qc4 Rad8 20. Rfd1 Rd7 21. Rd2 Rfd8 {½-½ (40) Pergel,L (2342)-Torok,S (2256) Hungary 2002}) 16. dxe5 Nxe5 17. Nxe5 Bxe5 18. bxc4 Bb2 19. Rc2 Bxc2 20. Qxc2 Bg7 (20... Be5 $17 21. Rb1 Qa5) 21. Rb1 (21. Nf4 $11 {remains equal.}) 21... Qd7 22. Nf4 Rac8 23. Qb3 b6 ({Better is} 23... f5 $15) 24. cxb6 $14 axb6 25. Nd5 Rc6 26. Nxb6 Qf5 27. Nd5 {[#] Black must now prevent Ne7+.} Qe4 28. c5 Rd8 29. Rd1 {[%cal Bb1d1,Bd1d3,Bd3e3][%mdl 32]} h6 30. a4 Qe6 31. Rd3 Bf8 32. Qc4 (32. Qd1 $5 {[%cal Rd5f6]} Re8 33. Qf3 $14) 32... Qe5 33. f4 (33. Qd4 $5 {[%cal Rd4e5]} Re8 34. Qxe5 Rxe5 35. Nb4 $11) 33... Qe6 34. Kh2 Rdc8 35. Bd4 Bxc5 {[#] aiming for ...Ba7!} 36. Re3 Bf8 37. Qb3 Qf5 38. Be5 Re6 39. Rc3 Rxe5 40. Rxc8 $1 Rxd5 41. Qb8 Kh7 (41... Rd4 $5 {[%cal Rf5f4]} 42. Rxf8+ Kg7 $16) 42. Rxf8 Qf6 43. Qc7 Kg7 $1 {[%cal Rg7f8]} 44. Ra8 {And now Qb8 would win.} Rd4 (44... Rd6 $5 {[%cal Rf6f4]} 45. Qc1 Rd4 $14) 45. a5 Qxf4+ 46. Qxf4 Rxf4 47. Kg3 {Precision: White = 44%, Black = 59%.} 1/2-1/2

[Event "36th Zalakaros Festival 2017"]
[Site "Zalakaros"]
[Date "2017.05.19"]
[Round "2"]
[White "Szalanczy, Emil"]
[Black "Raja Harshit"]
[Result "0-1"]
[WhiteElo "2230"]
[BlackElo "2334"]
[Annotator "TA"]
[PlyCount "128"]
[EventDate "2017.??.??"]
[EventType "swiss"]
[EventCountry "HUN"]
[SourceTitle "playchess.com"]
[Source "ChessBase"]
[SourceQuality "1"]

{[%evp 23,128,-6,20,41,75,-37,-41,-48,-33,-41,0,9,18,0,25,20,18,-34,-37,-18,17,0,24,-8,8,6,21,15,40,0,0,0,0,0,47,16,38,36,41,0,7,-25,-11,-71,-81,-154,-152,-273,-296,-324,-319,-316,-310,-341,-312,-297,-303,-272,-265,-411,-335,-332,-346,-297,-275,-562,-486,-551,-531,-589,-610,-579,-578,-613,-601,-620,-609,-681,-668,-662,-627,-1151,-922,-1491,-1428,-1322,-1290,-1070,-1117,-1174,-1083,-1028,-939,-845,-764,-971,-971,-1727,-927,-4051,-3803,-4718,-2465,-6938,-5786,-6404,-6050]} 1. e4 c5 2. Nf3 d6 3. d4 cxd4 4. Nxd4 Nf6 5. Nc3 a6 6. Bg5 e6 7. f4 Qc7 8. Qe2 Nc6 9. O-O-O Be7 10. g4 {B96: Sicilian Najdorf: 6 Bg5 e6 7 f4, lines other than 7...Qb6 and 7...Be7} h6 11. Bh4 Nxd4 12. Rxd4 g5 {LiveBook: 3 Games} 13. e5 dxe5 {[#]} 14. fxe5 $146 ({White has to play} 14. Rc4 $1 $16 {[%cal Rc4c7]} Qb8 15. fxg5) ({Predecessor:} 14. Rc4 Qb8 15. fxg5 hxg5 16. Bg3 Nd7 {1-0 (36) Naiditsch,A (2693)-Swiercz,D (2472) Budva 2009}) 14... gxh4 $15 15. exf6 Bxf6 16. Nd5 Qd8 17. Nxf6+ Qxf6 18. Rd2 O-O 19. Qe4 Qg6 20. Qe5 (20. Qf3 $11) 20... Qg5 21. Qe4 Qg6 (21... Bd7 $5 22. Bd3 Qg7 $15) 22. Qe5 Qg7 (22... Qg5 $5 {[%cal Rg5e5]} 23. Qe4 Bd7 $15) 23. Qc7 Qg5 $132 {[%mdl 2048] Black wants to play ...Bd7! Black is not keeping still} 24. Bd3 e5 ({Don't take} 24... Qxg4 $2 25. Rdd1 $18) 25. h3 Qe3 26. Rhd1 {[%mdl 1024] White has compensation.} b5 ({Of course not} 26... Qxh3 $6 27. Qxe5 Qxg4 28. Qc5 $16) 27. Kb1 Ra7 {[%cal Ba8a7,Ba7e7,Be7d7,Bd7d3][%mdl 32]} ({Not} 27... Qxh3 $2 28. Be4 $18) 28. Qc3 {Threatens to win with Bh7+!} Qg5 29. a3 Re7 30. Be4 Qf4 31. Re1 (31. Qb4 $5 {[%cal Rb4e7]} Ree8 32. Rd6 $14) 31... Be6 32. Rde2 Rc8 33. Qb4 {[#]} (33. Qa5 $11 {remains equal.}) 33... Rd7 $1 $17 34. b3 ({White should play} 34. Bf5 Qxb4 35. axb4) 34... Rcd8 {( -> ...Rd1+)} 35. Bd3 (35. Ka2 $17) 35... Rxd3 $19 36. Qxf4 exf4 37. cxd3 Rxd3 {[%mdl 4096] Endgame KRR-KRB} 38. Rb2 Bxb3 39. Rf2 f3 40. Re5 Be6 41. Rh5 (41. Re4 {only move.}) 41... Rxa3 42. Rxh6 a5 43. Rf6 Bd5 44. Rd2 $2 (44. Kc1 {might work better.} b4 45. Rf5) 44... Bc4 {Black is clearly winning.} 45. g5 Kg7 46. Rd4 {[#]} f2 $1 47. Rxf2 Rxh3 48. Rff4 Rb3+ 49. Kc2 h3 50. Rh4 Rg3 51. Rd8 Be6 52. Rhh8 {[%csl Gh8][%cal Rd8g8]} Rxg5 53. Kd3 Bf5+ 54. Ke3 Bh7 55. Kf4 Rh5 {White must now prevent ...h2.} 56. Rdg8+ Kf6 {And now ...h2 would win.} 57. Rg1 h2 58. Rh1 b4 {[%cal Bb5b4,Bb4b3][%mdl 32]} 59. Kg3 b3 {aiming for ...b2.} 60. Rb8 Bc2 61. Rb7 a4 62. Kg4 Rh7 63. Rf1+ Ke5 64. Rb5+ Kd4 {Precision: White = 33%, Black = 68%.} 0-1